000 06738cam a22018854i 4500
003 PE-LiUPU
005 20250813165949.0
008 150706s2012 sp a rb 000 0 spa d
020 _a9788499690841
035 _a(Sirsi) i9788499690841
040 _aPE-LiUPU
_bspa
_cPE-LiUPU
_erda
049 _aPRUA
082 0 4 _a614.1
_bM22
_221
082 0 4 _a614.1
_bM22 2012
245 0 0 _aManual de enfermería legal y forense /
_cMaría Dolores Díaz-Ambrona Bardají, Alfonso Serrano Gil, Pablo Hernández Díaz-Ambrona, Juana Ruiz Jiménez, José Carlos Fuertes Rocañiz.
250 _aSegunda edición.
264 1 _aMadrid :
_bDíaz de Santos,
_c2012.
300 _axxiii, 519 páginas :
_bilustraciones ;
_c24 centimetros
336 _atext
_2rdacontent
337 _aunmediated
_2rdamedia
338 _avolume
_2rdacarrier
504 _aIncluye referencias bibliográficas a modo de pie de página.
505 0 _aAspectos civiles -- El derecho civil y la persona -- La investigación de la paternidad -- El transexualismo -- Las técnicas de reproducción asistida -- Los transplantes de órganos -- La responsabilidad civil del profesional sanitario -- Aspectos éticos -- La responsabilidad civil derivada del trabajo en equipo -- Intrusismo -- Derecho a la información y consentimiento informado -- El aborto -- La objección de conciencia -- La enfermería y el secreto profesional -- Aspectos laborales -- La incapacitación -- Valoración de los daños psicológicos -- La enfermedad mental como causa de inimputabilidad -- El accidente laboral -- El estatuto marco del personal estatutario de los servicios de salud -- Enfermería forense -- Las "ciencias forenses". Definición y bases conceptuales -- Estudio forense de las lesiones -- Estudio forense de las heridas por arma blanca -- Estudio forense de las heridas por arma de fuego -- Estudio forense de las lesiones por accidente de tráfico -- Estudio forense de las lesiones originadas por los explosivos -- Estudio forense de las contusiones -- Estudio forense de las lesiones por el calor y el frío -- Estudio forense de traumatismos craneoencefálicos -- Estudio forense de las asfixias mecánicas -- Estudio forense de los malos tratos -- Estudio forense de la muerte súbita del adulto -- Estudio forense de los trastornos sexuales -- Estudio forense de la muerte introducción a la tanatología -- Toxicología forense -- Toxicología forense (II) drogodependencias y alcohol -- Conceptos generales de criminalística -- Evidencias lactiloscópicas -- Evidencias o indicios de origen balístico -- Evidencias documentales -- Evidencias de origen químico-biológico -- La cadena de custodia -- Psiquiatría forense general -- Psiquiatría forence especial -- Introducción a la victimiología -- El terrorismo y las ciencias forenses -- Delitos contra la libertad e indemnidad sexuales -- El informe pericial -- La simulación en la práctica -- Documentos sanitarios con implicaciones legales.
526 _aP203
526 _aP200
526 _aSEG65
526 _aSEG64
526 _aSEG63
526 _aSEG62
526 _aSEG61
526 _aSEG60
526 _aSEG59
526 _aSEG58
526 _aSEG57
526 _aSEG56
526 _aSEG55
526 _aSEG54
526 _aSEG53
526 _aSEG52
526 _aSEG51
526 _aSEG50
526 _aSEG49
526 _aSEG48
526 _aSEG47
526 _aSEG46
526 _aSEG24
526 _aSEG23
526 _aSEG22
526 _aSEG21
526 _aSEG20
526 _aSEG19
526 _aSEG18
526 _aSEG17
526 _aSEG16
526 _aSEG14
526 _aSEG13
526 _aSEG12
526 _aSEG11
526 _aSEG10
526 _aSEG09
526 _aSEG06
526 _aSEG05
526 _aSEG04
526 _aSEG03
526 _aSEG02
526 _aSEG68
526 _aSEG66
526 _aSEG45
526 _aSEG25
526 _aSEG01
526 _aP163
526 _aP162
526 _aP161
526 _aP160
526 _aP159
526 _aP158
526 _aP157
526 _aP156
526 _aP155
526 _aP154
526 _aP153
526 _aP152
526 _aP151
526 _aP150
526 _aP149
526 _aP142
526 _aP141
526 _aP140
526 _aP139
526 _aP138
526 _aP137
526 _aP132
526 _aP131
526 _aP130
526 _aP126
526 _aP125
526 _aP124
526 _aP123
526 _aP115
526 _aP122
526 _aP121
526 _aP116
526 _a P114
526 _aP112
526 _aP111
526 _aP104
526 _aP103
526 _aP102
526 _aP101
526 _aP100
526 _aP96
526 _aP95
526 _aP93
526 _aP92
526 _aP91
526 _aP88
526 _aP83
526 _aP82
526 _aP79
526 _aP78
526 _aP75
526 _aP74
526 _aP71
526 _aP69
526 _a P51
526 _aP49
526 _aP48
526 _aP47
526 _aP33
526 _aP31
526 _a P30
526 _aP29
526 _aP27
526 _aP26
526 _aP25
526 _aP24
526 _a P22
526 _aP10
526 _aP09
526 _a P08
526 _aP06
526 _aP05
526 _aP04
526 _aP01
541 _g015-0016119;
541 _FAdministracion;
650 1 4 _aMedicina legal
_xLegislación
_zEspaña.
650 2 4 _aPráctica forense
_xLegislación
_zEspaña.
650 2 4 _aPaternidad (Psicología)
_xLegislación
_zEspaña.
700 1 _aDíaz-Ambrona Bardají, María Dolores,
_eaut.
700 1 _aSerrano Gil, Alfonso,
_eaut.
910 _agl
_cjck
_d20131112
942 _2ddc
_cBOOK
949 _a614.1 M22
_wDEWEY
_c1
_i69005
_lCCODEBUL1
_mBUL
_p70.00
_r0
_sY
_tBOOK
_u2015-7-6
_xSALUD
_PP22
_o.STAFF. Colección General
949 _a614.1 M22 2012
_wDEWEY
_c1
_iFJ04287
_lCCODEBUJ1
_mBUJ
_p70.00
_r0
_sY
_tBOOK
_u2016-11-21
_xFCE
_PP04
_0COMPRA
_o.STAFF. Colección General Juliaca
994 _aC0
_bPEPRU
596 _a1 3
999 _a614.1 M22
_wDEWEY
_c56142
_i69005
_d56142
_e2019-10-16
_f2021-11-4
_g5
_lCCODEBUL1
_mBUL
_n1
_p70.00
_q1
_r0
_sY
_tBOOK
_u2015-7-6
_xSALUD
_PP22
_0COMPRA
_o.STAFF. Colección General
999 _a340.6 D69 2012
_wDEWEY
_c1
_iFJ04287
_d2018-9-28
_f2022-1-18
_g4
_lCCODEBUJ1
_mBUJ
_p70.00
_q1
_r0
_sY
_tBOOK
_u2015-10-7
_xFCE
_PP04
_0COMPRA
_o.STAFF. Colección General Juliaca
980 _81
_gALBERTO SANCHEZ Responsable de Automatización